| 000 | 00976nam a22003610a 4500 | ||
|---|---|---|---|
| 001 | PT37050 | ||
| 003 | AR-LpoUNG | ||
| 005 | 20210131230426.0 | ||
| 008 | 191001s2009||||ag |||||||||||||||||spa d | ||
| 020 |
_a9789500729307 _c$16.25 |
||
| 040 |
_aAR-LpoUNG _bspa _cAR-LpoUNG _eaacr |
||
| 041 | _aspa | ||
| 044 | _aag | ||
| 082 | 0 | _a982.064 54nad | |
| 100 | 1 | _aYofre, Juan B. | |
| 245 | 1 | 0 |
_a"Nadie fué" : _bcrónica, documentos y testimonios de los últimos meses, días y horas de Isabel Perón en el poder |
| 250 | _a4§ ed. | ||
| 260 |
_aBuenos Aires : _bSudamericana, _c2009. |
||
| 300 |
_a462 p. : _bil. |
||
| 650 | 4 | _aANALISIS HISTORICO | |
| 650 | 4 | _aARGENTINA | |
| 650 | 4 | _aDICTADURA | |
| 650 | 4 | _aFUERZAS ARMADAS | |
| 650 | 4 | _aGOBIERNO MILITAR | |
| 650 | 4 | _aGOLPES DE ESTADO | |
| 650 | 4 | _aHISTORIA POLITICA | |
| 650 | 4 | _aINVESTIGACION | |
| 650 | 4 | _aTERRORISMO | |
| 650 | 4 | _aVIOLENCIA | |
| 651 | 4 | _aArgentina | |
| 905 | _a37050 | ||
| 942 | _cLIB | ||
| 999 |
_c3268 _d3268 |
||